000 00462nam a2200193Ia 4500
008 240509s9999 xx 000 0 und d
020 _a9780387310732
041 _aEng
082 _a006.31
082 _bB37
100 _aBISHOP,CHRISTOPHER M.
245 0 _aPATTERN RECOGNITION AND MACHINE LEARNING.
260 _bSpringer Science Business Media
260 _c2006
300 _a738 p.
650 _aMachine learning
942 _2ddc
942 _cRBK
999 _c22440
_d22440
945 _a1
_bMadushi Gamage
_c1
_dMadushi Gamage